00644 2200205 4500001002100000005001500021035002000036008004100056245003000097100001400127250000600141260003800147300001200185084001400197082000800211650001000219520018500229990001200414990001200426INLIS00000000000085220240607080326 a0010-0524000087240607 1 ind 1 aPerfect Dream /cRizki De aDe, Rizki a1 aYogyakarta :bSheila/ Andi,c2019 a268 hlm a813 RIZ p a813 4aFiksi aSetiap orang punya mimpi. Ada yang hanya berani memimpikan hal-hal kecil di lain pihak ada juga orang-orang yang memimpikan hal-hal besar. Aku memilih untuk bermimpi hal-hal besar. a0741304 a0741305